|
|
|
|
| LEADER |
01973nam a2200457 i 4500 |
| 001 |
45794 |
| 003 |
BD-DhAAL |
| 005 |
20260518130014.0 |
| 008 |
260518t20192016nyu 000 1 eng |
| 010 |
|
|
|a 2017051049
|
| 020 |
|
|
|a 9780802129628
|
| 020 |
|
|
|a 9780802128256
|
| 020 |
|
|
|z 9780802155555 (ebook)
|
| 020 |
|
|
|a 9780802165800 (e-ISBN)
|
| 035 |
|
|
|a 20132383
|
| 040 |
|
|
|a DLC
|b eng
|c DLC
|e rda
|d DLC
|d BD-DhAAL
|
| 041 |
1 |
|
|a eng
|h jpn
|
| 042 |
|
|
|a pcc
|
| 043 |
|
|
|a a-ja---
|
| 050 |
0 |
0 |
|a PL873.U73
|b C6613 2018
|
| 082 |
0 |
0 |
|a 895.636
|2 23
|
| 100 |
1 |
|
|a Murata, Sayaka,
|d 1979-
|e author.
|9 60840
|
| 240 |
1 |
0 |
|a Konbini ningen.
|l English
|
| 245 |
1 |
0 |
|a Convenience store woman /
|c Sayaka Murata ; translated from the Japanese by Ginny Tapley Takemori.
|
| 246 |
|
4 |
|a Convenience store woman :
|b a novel
|
| 250 |
|
|
|a First Grove Atlantic paperback edition.
|
| 260 |
|
|
|a New York :
|b Grove Press,
|c 2019.
|
| 300 |
|
|
|a 172 pages ;
|c 18 cm
|
| 500 |
|
|
|a "Original published as Konbini ningen. Japanese edition published by Bungeishunju Ltd., Tokyo"--Title page verso.
|
| 500 |
|
|
|a First Grove Atlantic hardcover edition, 2018
|
| 500 |
|
|
|a First Grove Atlantic paperback edition, 2019
|
| 526 |
8 |
|
|a AAL
|
| 541 |
1 |
|
|a Donated by Embassy of Japan in Bangladesh, Read Japan Project 2025, The Tokyo Foundation, supported by The Nippon Foundation.
|e 45794
|
| 650 |
|
0 |
|a Man-woman relationships
|v Fiction.
|
| 651 |
|
0 |
|a Japan
|x Social life and customs
|v Fiction.
|9 57218
|
| 655 |
|
7 |
|a Fiction.
|2 lcgft
|
| 700 |
1 |
|
|a Takemori, Ginny Tapley,
|e translator.
|9 58689
|
| 852 |
1 |
|
|a Ayesha Abed Library
|c General Stacks
|
| 942 |
|
|
|2 ddc
|c BK
|
| 999 |
|
|
|c 47978
|d 47978
|
| 952 |
|
|
|0 0
|1 0
|2 ddc
|4 0
|6 895_636000000000000_MUR
|7 0
|9 79225
|a BRACUL
|b BRACUL
|d 2026-05-18
|l 0
|o 895.636 MUR
|p 3010045794
|r 2026-05-18
|t 1
|w 2026-05-18
|y BK
|x Donated copy received from Embassy of Japan in Bangladesh, Read Japan Project 2025, The Tokyo Foundation, supported by The Nippon Foundation on 08 April 2026; $17.00
|